| 000 | 01059nas a2200325 4500 | ||
|---|---|---|---|
| 001 | BR2019001444 | ||
| 003 | BR-BrBNA | ||
| 005 | 20231205131921.0 | ||
| 007 | ta | ||
| 008 | 230509b bl.|||p| |||| 00| 00por d | ||
| 040 |
_aBR-BrBNA _bpor _cBiblioteca Nacional de Agricultura |
||
| 041 | _a(En) | ||
| 072 | _aF03 | ||
| 100 | 1 | _aSilva, G.Z. da | |
| 100 | 1 | _aMartins, C.C. | |
| 100 | 1 | _aBruno, R. de L.A. | |
| 100 | 1 | _aPereira, F.E.C.B. | |
| 100 | 1 | _aJeromini, T.S. | |
| 245 | 1 | _aMultivariate analysis and vigor tests to determine the quality of Brachiaria decumbens seeds | |
| 650 | _aCAPIM BRACHIARIA | ||
| 650 | _aGRAMÍNEA FORRAGEIRA | ||
| 650 | _aTESTE DE SEMENTES | ||
| 650 | _aGERMINAÇÃO | ||
| 650 | _aMÉTODO ESTATÍSTICO | ||
| 650 | _aCONTROLE DE QUALIDADE | ||
| 773 | 0 |
_tRevista Ciência Agronômica (Brazil) _xISSN 1806-6690 _g(Apr-Jun 2019), v. 50(2) p. 291-299 _wBR2019001444 |
|
| 856 | 4 | 0 | _uhttp://www.scielo.br/pdf/rca/v50n2/1806-6690-rca-50-02-0291.pdf |
| 909 |
_a202311 _bLúcia _c55 _dLúcia Elande |
||
| 942 |
_2AGRIS _n0 _cANA |
||
| 999 |
_c257466 _d257466 |
||